000 00679nam a2200265Ia 4500
005 20260121173444.0
008 008 260114s9999 xx 000 0 eng d
020 _a9783031055133
037 _aEBOOK
040 _aCRL
040 _beng
040 _cCRL
041 _2eng
041 _aeng
084 _qCRL
100 _aRuy Exel, David R. Pitts
_91101094
245 0 _aCharacterizing Groupoid C*-algebras of Non-Hausdorff Étale Groupoids
260 _bSpringer
260 _bSpringer
260 _c2022
856 _uhttps://link.springer.com/openurl?genre=book&isbn=978-3-031-05513-3
942 _cEBOOK
999 _c1666839
_d1666839